Professional English in use: Intermediate to Advanced. ICT

Salvato in:
Dettagli Bibliografici
Autori principali: Marco Fabré, Elena (autora), Remacha Esteras, Santiago (Autore)
Natura: Libro
Lingua:inglese
Pubblicazione: Cambridge Cambridge University Press 2007
Soggetti:
Tags: Aggiungi Tag
Nessun Tag, puoi essere il primo ad aggiungerne!!

MARC

LEADER 00000cam a2200000 a 4500
001 UCG8542
003 CL-VaPUC
008 111216e20070000UK |||||||||||||||||eng|d
020 |a 9780521685436 
082 0 4 |a 428  |b MAR  |2 21 
100 |a Marco Fabré, Elena  |e autora  |9 559614 
700 0 |a Remacha Esteras, Santiago  |e author  |9 559615 
245 1 0 |a Professional English in use: Intermediate to Advanced. ICT 
300 |a 118 p 
942 |c BK 
945 |d 20111216 00:00:00  |a dcastane 
260 |a Cambridge  |b Cambridge University Press  |c 2007 
650 0 |a Educación lingüística  |9 306506 
650 0 |a Enseñanza del inglés  |9 367340 
650 0 |a Inglés técnico  |9 326365 
650 0 |a Métodos de enseñanza  |9 270413 
650 7 |a COMPUTACION  |2 CL-VaPUC  |9 350582 
650 0 |a Internet   |9 254823 
583 |a last modification  |c 20111216 11:30:00  |k Rodrigo Vera 
999 |c 346149  |d 346147 
952 |0 0  |1 0  |4 0  |6 428_000000000000000_MAR_2007  |7 0  |8 ?  |9 446727  |a FDOILP  |b FDOILP  |d 2019-11-22  |i 4815823  |o 428 MAR 2007  |p 4815823  |r 2019-11-22  |w 2019-11-22  |y BK  |k ILP